La contabilidad de costos en la dirección de empresas
Guardat en:
| Autor principal: | |
|---|---|
| Format: | Llibre |
| Idioma: | espanyol |
| Publicat: |
Ciudad de México
UTEHA
1975
|
| Matèries: | |
| Etiquetes: |
Afegir etiqueta
Sense etiquetes, Sigues el primer a etiquetar aquest registre!
|
MARC
| LEADER | 00000nam a2200000 a 4500 | ||
|---|---|---|---|
| 001 | UCU6707 | ||
| 003 | CL-VaPUC | ||
| 008 | 960621e19750000MX |||||||||||||||||spa|d | ||
| 082 | 0 | 4 | |a 658.155 |b HOR |2 21 |
| 100 | |a Horngren, Charles T |e author |9 590581 | ||
| 245 | 1 | 3 | |a La contabilidad de costos en la dirección de empresas |
| 300 | |a 252 p | ||
| 942 | |c BK | ||
| 945 | |d 19960621 00:00:00 |a paguirre | ||
| 260 | |a Ciudad de México |b UTEHA |c 1975 | ||
| 500 | |a Incluye el cap. 3: Relaciones de costo-volumen-utilidad | ||
| 500 | |a Cap. 3: Evaluación de proyectos de inversión | ||
| 500 | |a Cap. 5: Introducción a los costos estándar: material directo y mano de obra directa | ||
| 500 | |a Cap. 5:Evalauación de inversiones riesgosas: caso individual | ||
| 500 | |a Cap. 12: Costeo directo para medición de los resultados, fijación de precios y otras decisiones | ||
| 500 | |a Cap. 15: Costos conjuntos y costos de subproductos | ||
| 650 | 0 | |a Costos |9 261063 | |
| 650 | 0 | |a Administración |9 259325 | |
| 650 | 7 | |a GASTOS |2 CL-VaPUC |9 357995 | |
| 650 | 0 | |a Análisis de costo-beneficio |9 358645 | |
| 650 | 0 | |a Contabilidad de costos |9 260564 | |
| 650 | 0 | |a Empresas |9 255569 | |
| 650 | 0 | |a Administración de empresas |9 260833 | |
| 583 | |a last modification |c 19960621 00:00:00 |k Rodrigo Vera | ||
| 999 | |c 249531 |d 249529 | ||
| 952 | |0 0 |1 0 |4 0 |6 658_155000000000000_HOR_1975 |7 0 |8 A |9 266818 |a BIBING |b BIBING |d 2019-11-19 |i 1690159 |o 658.155 HOR 1975 |p 1690159 |r 2025-01-20 |w 2019-11-19 |y BK |k TRA | ||